=LDR 00000nam 2200000 4500 =001 INLIS000000000032150 =005 20130612134155 =008 ***********************************ind** =035 ##$$0010-061300000032150 =041 ##$$a ind =082 ##$$a 150.3 =090 ##$$a R. 150.3, Kar k =100 ##$$a KARTONO,Kartini =245 ##$$a Kamus psikologi, Kartini Kartono dan Dali gulo =260 ##$$a 2003 $b Bandung =300 ##$$a 555 hlm, 24 cm =650 ##$$a Psikologi - Kamus =700 ##$$a Gulo, dali =850 ##$$a NBPNMAT